000
00321 a2200157 4500
001
59141
020
_a
8526224824
040
_c
Anchieta - Pituba
100
_a
Amaldi, Ugo
240
1
0
_a
Imagens da física
_l
por
245
1
0
_a
Imagens da física
300
_a
537
362
0
_a
1995
650
4
_a
Física
942
_c
BK
999
_c
59141
_d
59141